Países Insulares en Emojis - Estadísticas

Estadísticas generales
  • Esta prueba ha sido intentada 38 veces
    13 desde el último reinicio
  • La puntuación promedio es 9 de 14
Estadísticas de respuestas
Pista País % Correcto
🎎🍣🗻 Japón
100%
🍀🌧️🍺 Irlanda
82%
❄️🌋🧊 Islandia
82%
🥝🏉🐑 Nueva Zelanda
82%
☕🏰🎩 Reino Unido
82%
🐘🛕🌴 Sri Lanka
73%
🏛️🌿⛪ Chipre
64%
🥟🧧📱 Taiwán
64%
🌇🥵🛢️ Baréin
55%
🎶🌴🚬 Cuba
55%
⛪🌺🍚 Filipinas
55%
⚾🌞💃 República Dominicana
55%
🌋🕌🌳 Indonesia
45%
🦁🏙️🚢 Singapur
45%
No se encontraron pruebas coincidentes
Distribución de puntuación
Porcentaje de gente con cada puntuación
Porcentaje por número respondido
Historial de tus puntuaciones
No has intentado esta prueba desde el último reinicio